[Event "St Louis Summer A"]
[Site "Saint Louis USA"]
[Date "2018.05.19"]
[Round "5.2"]
[White "Indjic, Aleksandar"]
[Black "Sevian, Samuel"]
[Result "1-0"]
[WhiteTitle "GM"]
[BlackTitle "GM"]
[WhiteElo "2600"]
[BlackElo "2613"]
[WhiteFideId "911925"]
[BlackFideId "2040506"]
[EventDate "2018.05.15"]

1. d4 Nf6 2. Nf3 g6 3. Nc3 d5 4. Bf4 Bg7 5. Nb5 Na6 6. e3 c6 7. Nc3 Qb6 8. Bxa6
Qxa6 9. h3 O-O 10. Be5 Bh6 11. g4 Nd7 12. Bf4 Bg7 13. Qd3 b6 14. h4 Qxd3 15.
cxd3 Bb7 16. h5 c5 17. Kd2 f6 18. hxg6 hxg6 19. Bh6 e5 20. Nb5 e4 21. Bxg7 Kxg7
22. Nh4 Rg8 23. Ng2 Bc6 24. Nc7 Rac8 25. Nf4 Nf8 26. Ncxd5 Bxd5 27. Nxd5 exd3
28. Ne7 Rd8 29. Nxg8 Kxg8 30. dxc5 bxc5 31. Rac1 Ne6 32. f4 Rb8 33. b3 g5 34. f5
Nf8 35. Rxc5 Nd7 36. Rd5 Ne5 37. Rxe5 fxe5 38. Kxd3 Rb4 39. e4 a5 40. Rh5 a4 41.
Rxg5+ Kf7 42. Rh5 Rd4+ 43. Ke3 axb3 44. axb3 Rb4 45. g5 Rxb3+ 46. Ke2 Rb4 47.
Kd3 Rd4+ 48. Ke3 Rd6 49. Rh7+ Kf8 50. f6 Ra6 51. Kf3 Ra1 52. Kg4 Rf1 53. Kh5 1-0

[Event "St Louis Summer A"]
[Site "Saint Louis USA"]
[Date "2018.05.19"]
[Round "5.3"]
[White "Jumabayev, Rinat"]
[Black "Prohaszka, Peter2"]
[Result "1-0"]
[WhiteTitle "GM"]
[BlackTitle "GM"]
[WhiteElo "2621"]
[BlackElo "2613"]
[WhiteFideId "13702661"]
[BlackFideId "726265"]
[EventDate "2018.05.15"]

1. d4 Nf6 2. c4 e6 3. g3 d5 4. Nf3 dxc4 5. Bg2 a6 6. O-O Nc6 7. e3 Rb8 8. Qe2 b5
9. b3 cxb3 10. axb3 Bb7 11. Bd2 Be7 12. Rc1 Nd5 13. Nc3 Nxc3 14. Bxc3 O-O 15.
Ne1 Bd6 16. Nd3 Qc8 17. Qb2 b4 18. Bd2 Na7 19. Bf1 Re8 20. Bxb4 Ba8 21. Bxd6 Qb7
22. f3 cxd6 23. Ne1 Nb5 24. Bd3 e5 25. d5 Qb6 26. Qd2 Nc7 27. Bc4 e4 28. f4 Bxd5
29. Bxd5 Nxd5 30. Qxd5 Qxe3+ 31. Kf1 Rxb3 32. Rc7 Rf8 33. Rc2 h5 34. Qxh5 Qb6
35. Qa5 Qd4 36. Rac1 e3 37. Qh5 Qe4 38. Kg1 d5 39. Qe5 Qxe5 40. fxe5 d4 41. Rd1
Rd8 42. Rd3 Rb1 43. Kf1 Rd5 44. Ke2 g5 45. Nf3 g4 46. Nxd4 Rxe5 47. Rxe3 Rh5 48.
Kd3 Rd1+ 49. Kc4 Rh1 50. Ree2 a5 51. Rf2 Kg7 52. Nf5+ Kg6 53. Nh4+ Kg7 54. Rf4
Rg5 55. Nf5+ Kg6 56. Rcf2 Rc1+ 57. Kb3 Rc7 58. Ka4 Kh5 59. Ka3 Rd7 60. Ka2 Rg6
61. Ra4 Ra7 62. Ne3 Rg5 63. Re4 Rd7 64. Re8 Kg6 65. Nxg4 Kg7 66. Nf6 Rb7 67.
Rg8+ Kh6 68. Rxg5 Kxg5 69. Ne4+ Kg4 70. Nd6 Rd7 71. Nxf7 Kh3 72. Ng5+ Kg4 73.
Ne6 a4 74. Ka3 Re7 75. Re2 Ra7 76. Nf4 Kf3 77. Rc2 Rh7 78. Kxa4 Kg4 79. Kb3 1-0

[Event "St Louis Summer A"]
[Site "Saint Louis USA"]
[Date "2018.05.19"]
[Round "5.4"]
[White "Xiong, Jeffery"]
[Black "Zherebukh, Yaroslav"]
[Result "1-0"]
[WhiteTitle "GM"]
[BlackTitle "GM"]
[WhiteElo "2665"]
[BlackElo "2633"]
[WhiteFideId "2047640"]
[BlackFideId "14116804"]
[EventDate "2018.05.15"]

1. e4 e5 2. Nf3 Nf6 3. Nxe5 d6 4. Nf3 Nxe4 5. d3 Nf6 6. d4 Bg4 7. Nc3 Be7 8. h3
Bh5 9. g4 Bg6 10. Nh4 Be4 11. Nxe4 Nxe4 12. Nf5 g6 13. Nxe7 Qxe7 14. Qe2 Nc6 15.
Be3 O-O 16. O-O-O Nb4 17. Qc4 a5 18. a3 d5 19. Qb3 b6 20. Bg2 c5 21. dxc5 bxc5
22. Bxe4 c4 23. Qa4 Qxe4 24. Rhe1 Qe7 25. Kb1 Qb7 26. Bc5 Rfb8 27. Re7 Qc6 28.
Qxc6 Nxc6 29. Rc7 Nd8 30. Rxd5 Ne6 31. Ra7 a4 32. Rxa8 Rxa8 33. Be3 1-0

[Event "St Louis Summer A"]
[Site "Saint Louis USA"]
[Date "2018.05.19"]
[Round "5.5"]
[White "Akobian, Varuzhan"]
[Black "Durarbayli, Vasif"]
[Result "1/2-1/2"]
[WhiteTitle "GM"]
[BlackTitle "GM"]
[WhiteElo "2647"]
[BlackElo "2618"]
[WhiteFideId "13300580"]
[BlackFideId "13402935"]
[EventDate "2018.05.15"]

1. d4 Nf6 2. c4 g6 3. Nc3 d5 4. Nf3 Bg7 5. cxd5 Nxd5 6. e4 Nxc3 7. bxc3 c5 8.
Be3 Qa5 9. Qd2 Nc6 10. Rb1 a6 11. Rc1 cxd4 12. cxd4 Qxd2+ 13. Kxd2 f5 14. e5 O-O
15. Bc4+ e6 16. Ke2 Bd7 17. d5 Nxe5 18. Nxe5 Bxe5 19. dxe6 Bb5 20. Bxb5 axb5 21.
Rc5 Bf6 22. Rxb5 Rfe8 23. Rxb7 Rxa2+ 24. Kf3 Ra6 25. Rd1 Raxe6 26. Rdd7 R6e7 27.
g3 Rxd7 28. Rxd7 Re7 29. Rd6 Kf7 30. h4 Re6 1/2-1/2

[Event "St Louis Summer A"]
[Site "Saint Louis USA"]
[Date "2018.05.20"]
[Round "6.1"]
[White "Bok, Benjamin"]
[Black "Durarbayli, Vasif"]
[Result "1/2-1/2"]
[WhiteTitle "GM"]
[BlackTitle "GM"]
[WhiteElo "2636"]
[BlackElo "2618"]
[WhiteFideId "1017063"]
[BlackFideId "13402935"]
[EventDate "2018.05.15"]

1. d4 Nf6 2. c4 g6 3. Nf3 Bg7 4. g3 O-O 5. Bg2 c6 6. Nc3 d5 7. cxd5 cxd5 8. Ne5
Bf5 9. O-O Ne4 10. Bf4 Nxc3 11. bxc3 Nc6 12. Nxc6 bxc6 13. Qa4 Qd7 14. Rac1 Rac8
15. c4 Be6 16. cxd5 cxd5 17. Qxd7 Bxd7 18. Bxd5 Bh3 19. Bg2 Bxg2 20. Kxg2 Bxd4
21. Rfd1 Bb6 22. Rd7 Rxc1 23. Bxc1 Rc8 24. Bh6 Bc5 25. a4 f6 26. Be3 Bxe3 27.
fxe3 a5 28. Rd5 Ra8 29. Kf3 Kf7 30. e4 Rb8 31. Rxa5 Rb3+ 32. e3 Ra3 33. Ra8 g5
34. a5 h5 35. h3 Ra2 36. a6 e5 37. Rh8 Kg6 38. Rg8+ Kf7 39. Ra8 Kg6 40. Rg8+ Kf7
41. Ra8 Kg6 42. Rg8+ 1/2-1/2

[Event "St Louis Summer A"]
[Site "Saint Louis USA"]
[Date "2018.05.20"]
[Round "6.2"]
[White "Prohaszka, Peter2"]
[Black "Akobian, Varuzhan"]
[Result "1/2-1/2"]
[WhiteTitle "GM"]
[BlackTitle "GM"]
[WhiteElo "2613"]
[BlackElo "2647"]
[WhiteFideId "726265"]
[BlackFideId "13300580"]
[EventDate "2018.05.15"]

1. Nf3 d5 2. g3 c6 3. Bg2 Bg4 4. c4 e6 5. O-O Nf6 6. Qb3 Qb6 7. d3 Nbd7 8. Qc2
dxc4 9. Qxc4 Bxf3 10. Bxf3 Ne5 11. Qf4 Nxf3+ 12. Qxf3 Be7 13. Nd2 O-O 14. Nc4
Qb5 15. Bd2 Rfd8 16. Rfc1 Qd5 17. Kg2 Qxf3+ 18. Kxf3 Rd5 19. b4 Nd7 20. Ne3 Rd6
21. a4 Bf6 22. Rab1 a6 23. Nc4 Ne5+ 24. Nxe5 Bxe5 25. b5 cxb5 26. axb5 h6 27.
Rc5 Bd4 28. Rc7 b6 29. bxa6 Rxa6 30. Be3 Bxe3 31. Kxe3 Rd5 32. Rb2 Rh5 33. h4
Re5+ 34. Kf3 Rf5+ 35. Kg2 g5 36. hxg5 hxg5 37. Rb7 Re5 38. g4 Kg7 39. Kf3 Rd5
40. Rb3 Kg6 41. e3 Ra2 42. d4 Rda5 43. R3xb6 Rd2 44. Rb2 Ra2 45. Rxa2 Rxa2 46.
Rb1 Rd2 47. Rf1 Kf6 48. Ra1 Kg6 49. Ra4 Kf6 50. Rc4 Kg6 51. e4 Rd3+ 52. Ke2 Ra3
53. Rc2 Kf6 54. Rd2 Ra1 55. Rd3 Rg1 56. f3 Ra1 57. Rc3 Ra4 58. Ke3 Ra5 59. Rd3
Ke7 60. Kd2 Ra4 61. Kc3 Kd6 62. Kb3 Ra1 63. Kb4 Rb1+ 64. Kc4 Rc1+ 65. Rc3 Rd1
66. Ra3 Ke7 67. Ra7+ Kf6 68. d5 exd5+ 69. exd5 Rf1 70. Kc5 Rxf3 71. d6 Rc3+ 72.
Kd5 Rd3+ 73. Kc6 Rc3+ 74. Kd7 Rc4 75. Ke8 Rc8+ 76. Kd7 Rc4 77. Ra8 Rxg4 78. Kc6
Rc4+ 79. Kd5 Rc1 80. d7 Rd1+ 81. Kc6 Ke5 82. d8=Q Rxd8 83. Rxd8 g4 84. Kc5 g3
85. Kc4 Ke4 86. Rg8 Kf3 87. Rf8 g2 88. Rxf7+ Ke2 89. Rg7 Kf2 90. Rxg2+ Kxg2 1/2-1/2

[Event "St Louis Summer A"]
[Site "Saint Louis USA"]
[Date "2018.05.20"]
[Round "6.3"]
[White "Zherebukh, Yaroslav"]
[Black "Jumabayev, Rinat"]
[Result "1-0"]
[WhiteTitle "GM"]
[BlackTitle "GM"]
[WhiteElo "2633"]
[BlackElo "2621"]
[WhiteFideId "14116804"]
[BlackFideId "13702661"]
[EventDate "2018.05.15"]

1. d4 d5 2. c4 c6 3. Nf3 Nf6 4. Nc3 a6 5. cxd5 cxd5 6. Bf4 Nc6 7. Ne5 e6 8. Nxc6
bxc6 9. e3 Bd6 10. Bxd6 Qxd6 11. Be2 Rb8 12. Na4 Qb4+ 13. Kf1 Qd6 14. Rc1 e5 15.
b3 a5 16. f3 O-O 17. dxe5 Qxe5 18. Qd4 Qc7 19. Qf4 Qa7 20. Nc5 Re8 21. Kf2 Qe7
22. Nd3 Ba6 23. Qd4 Bxd3 24. Bxd3 Rb4 25. Qc5 Qe5 26. Rce1 Qc7 27. Rc1 Qe5 28.
g3 Nd7 29. Qa7 Qd6 30. Qxa5 Ne5 31. Be2 d4 32. Qc5 dxe3+ 33. Kg2 Qb8 34. Rhd1 h5
35. Rc3 Rb7 36. Rxe3 Rbe7 37. f4 Ng6 38. Rxe7 Nxe7 39. Rd7 Nd5 40. Bxh5 g6 41.
Bxg6 fxg6 42. Qxc6 Re2+ 43. Kf3 Re3+ 44. Kf2 Re2+ 45. Kxe2 Qe8+ 46. Kf1 1-0

[Event "St Louis Summer A"]
[Site "Saint Louis USA"]
[Date "2018.05.20"]
[Round "6.4"]
[White "Sevian, Samuel"]
[Black "Xiong, Jeffery"]
[Result "1-0"]
[WhiteTitle "GM"]
[BlackTitle "GM"]
[WhiteElo "2613"]
[BlackElo "2665"]
[WhiteFideId "2040506"]
[BlackFideId "2047640"]
[EventDate "2018.05.15"]

1. e4 c5 2. Nc3 d6 3. d4 cxd4 4. Qxd4 Bd7 5. b3 Nc6 6. Qd2 g6 7. Bb2 Bg7 8.
O-O-O Nf6 9. f3 O-O 10. g4 a5 11. Kb1 a4 12. Nxa4 Rxa4 13. bxa4 Qb6 14. Bb5 Ra8
15. c4 Ne8 16. Ne2 Ne5 17. Bd4 Qc7 18. Qc3 Bxb5 19. axb5 Nxc4 20. Bxg7 Qc5 21.
Rd5 Na3+ 22. Ka1 Qf2 23. Rd2 Nxg7 24. Nd4 Qh4 25. Rc1 h5 26. gxh5 Nxh5 27. Rb2
Kh7 28. Rb3 Qf2 29. Qb2 Qxb2+ 30. Kxb2 Ra4 31. Rxa3 Rxd4 32. Rc7 1-0

[Event "St Louis Summer A"]
[Site "Saint Louis USA"]
[Date "2018.05.20"]
[Round "6.5"]
[White "Fridman, Daniel"]
[Black "Indjic, Aleksandar"]
[Result "1/2-1/2"]
[WhiteTitle "GM"]
[BlackTitle "GM"]
[WhiteElo "2636"]
[BlackElo "2600"]
[WhiteFideId "11600454"]
[BlackFideId "911925"]
[EventDate "2018.05.15"]

1. Nf3 d5 2. d4 Bf5 3. Bf4 e6 4. e3 Bd6 5. Bxd6 Qxd6 6. c4 c6 7. Nc3 Nd7 8. Nh4
Bg6 9. Qb3 Rb8 10. Be2 Ngf6 11. O-O Ne4 12. Rad1 a6 13. g3 Nef6 14. a3 dxc4 15.
Qxc4 b5 16. Qb4 Qxb4 17. axb4 Nd5 18. Nxd5 cxd5 19. Ra1 Rb6 20. Rfc1 Ke7 21. Rc7
Ra8 22. Rac1 Kd6 23. Kf1 Rab8 24. Ke1 R8b7 25. Rc8 Rb8 26. R8c7 R8b7 27. Rc8 Rb8
28. R8c7 R8b7 1/2-1/2

[Event "St Louis Summer A"]
[Site "Saint Louis USA"]
[Date "2018.05.21"]
[Round "7.1"]
[White "Indjic, Aleksandar"]
[Black "Bok, Benjamin"]
[Result "1/2-1/2"]
[WhiteTitle "GM"]
[BlackTitle "GM"]
[WhiteElo "2600"]
[BlackElo "2636"]
[WhiteFideId "911925"]
[BlackFideId "1017063"]
[EventDate "2018.05.15"]

1. e4 e5 2. Nf3 Nc6 3. Bb5 Nf6 4. d3 Bc5 5. Bxc6 dxc6 6. h3 Nd7 7. Be3 O-O 8.
Nbd2 Bd6 9. Nc4 f6 10. O-O Nb6 11. Nxd6 cxd6 12. a4 Be6 13. a5 Nd7 14. d4 Re8
15. Re1 d5 16. exd5 Bxd5 17. b3 Qc7 18. dxe5 Nxe5 19. Nxe5 Qxe5 20. c4 Bf7 21.
Bd4 Qxe1+ 22. Qxe1 Rxe1+ 23. Rxe1 Re8 24. Rxe8+ Bxe8 25. Bxa7 Bg6 26. f3 Bc2 27.
b4 Bd3 28. b5 cxb5 29. cxb5 Bxb5 30. Kf2 Kf7 1/2-1/2

[Event "St Louis Summer A"]
[Site "Saint Louis USA"]
[Date "2018.05.21"]
[Round "7.2"]
[White "Xiong, Jeffery"]
[Black "Fridman, Daniel"]
[Result "1/2-1/2"]
[WhiteTitle "GM"]
[BlackTitle "GM"]
[WhiteElo "2665"]
[BlackElo "2636"]
[WhiteFideId "2047640"]
[BlackFideId "11600454"]
[EventDate "2018.05.15"]

1. d4 d5 2. c4 e6 3. Nf3 Nf6 4. g3 dxc4 5. Bg2 c5 6. O-O Nc6 7. Qa4 Bd7 8. Qxc4
b5 9. Qc3 b4 10. Qd3 Rc8 11. dxc5 Bxc5 12. Be3 Bxe3 13. Qxe3 O-O 14. Nbd2 Qe7
15. Nc4 Rfd8 16. Rfd1 Be8 17. Ne1 Kf8 18. Rac1 Nd5 19. Qb3 f6 20. Nc2 Bf7 21.
N2e3 Nxe3 22. Nxe3 Rxd1+ 23. Rxd1 Ne5 24. h3 Qc5 25. Rd2 Qc1+ 26. Rd1 Qc5 27.
Rd2 Qc1+ 28. Rd1 Qc5 29. Rd2 1/2-1/2

[Event "St Louis Summer A"]
[Site "Saint Louis USA"]
[Date "2018.05.21"]
[Round "7.3"]
[White "Jumabayev, Rinat"]
[Black "Sevian, Samuel"]
[Result "1/2-1/2"]
[WhiteTitle "GM"]
[BlackTitle "GM"]
[WhiteElo "2621"]
[BlackElo "2613"]
[WhiteFideId "13702661"]
[BlackFideId "2040506"]
[EventDate "2018.05.15"]

1. d4 Nf6 2. c4 e6 3. Nf3 d5 4. g3 Bb4+ 5. Bd2 Be7 6. Bg2 O-O 7. O-O Nbd7 8. Qc2
Ne4 9. Ba5 b6 10. cxd5 exd5 11. Bc3 Bb7 12. Nbd2 c5 13. Nxe4 dxe4 14. Nd2 cxd4
15. Bxd4 Rc8 16. Qb3 Bc5 17. Bc3 Bxf2+ 18. Rxf2 Nc5 19. Qc2 e3 20. Rf4 exd2 21.
Bxb7 Nxb7 22. Rd1 Nc5 23. Rxd2 Qe7 24. Qf5 Ne6 25. Bb4 Rc1+ 26. Kf2 Nc5 27. Bxc5
Rxc5 28. Rd7 Qe8 29. Qd3 Ra5 30. a3 h6 31. Rc7 Qe5 32. Qc4 Ra4 33. Qxa4 Qxc7 34.
Qc4 Qe7 35. Qe4 Qd7 36. Qd4 Qe6 37. Re4 Qh3 38. Rh4 Qf5+ 39. Rf4 Qh3 40. Rh4
Qf5+ 1/2-1/2

[Event "St Louis Summer A"]
[Site "Saint Louis USA"]
[Date "2018.05.21"]
[Round "7.4"]
[White "Akobian, Varuzhan"]
[Black "Zherebukh, Yaroslav"]
[Result "1/2-1/2"]
[WhiteTitle "GM"]
[BlackTitle "GM"]
[WhiteElo "2647"]
[BlackElo "2633"]
[WhiteFideId "13300580"]
[BlackFideId "14116804"]
[EventDate "2018.05.15"]

1. d4 d5 2. c4 e6 3. Nc3 Nf6 4. cxd5 Nxd5 5. e4 Nxc3 6. bxc3 c5 7. Rb1 Be7 8.
Nf3 O-O 9. Bc4 Qc7 10. Qe2 b6 11. O-O Bb7 12. d5 exd5 13. exd5 Bd6 14. Re1 Nd7
15. Bg5 Rfb8 16. a4 Nf8 17. Bb3 Bc8 18. Bc2 Bg4 19. h3 Bh5 20. c4 Re8 21. Qd3
Bf4 22. Bxf4 Qxf4 23. Re4 Rxe4 24. Qxe4 Qxe4 25. Bxe4 Re8 26. Nd2 Bg6 27. Bxg6
hxg6 28. a5 Nd7 29. axb6 axb6 30. Ra1 Nf6 31. Kf1 b5 32. cxb5 Nxd5 33. Rc1 Rc8
34. Ne4 c4 35. Nd6 Rd8 36. Nxc4 Rc8 37. Rc2 Nb4 38. Rc3 Nd5 39. Rc2 Nb4 40. Rc3
Nd5 41. Rd3 Nf4 42. Rd4 Ne6 43. Re4 Rc5 44. b6 Rb5 45. Ke2 Kf8 46. Re5 Rb3 47.
Kd2 Ke7 48. Ra5 Nd8 49. Kc2 Rb4 50. Kc3 Rb1 51. Kc2 Rb4 52. Kc3 Rb1 53. Ra2 Kd7
54. Ra7+ Ke6 55. Rc7 Rb5 56. Kd4 Rd5+ 57. Kc3 Rb5 58. h4 g5 59. h5 g4 60. Rc8
Kd7 61. Rc7+ Ke6 62. g3 Rxh5 63. Rc8 Kd7 64. Rc7+ Ke6 65. Ra7 Rb5 66. Ra5 Rb1
67. Rg5 g6 68. Rxg4 Nc6 69. Rg5 Rc1+ 70. Kd3 Nb4+ 71. Kd4 Rd1+ 72. Kc5 Nd3+ 73.
Kc6 Rc1 74. b7 Rxc4+ 75. Kb6 f5 76. Rxg6+ Kf7 77. Rd6 Rb4+ 78. Kc7 Rxb7+ 79.
Kxb7 Nxf2 80. Kc6 Ne4 81. Rd3 Kg6 82. Rd8 Kf6 83. Rd3 Kg5 84. Kd5 Kg4 85. Ke5
Nxg3 86. Rd4+ Ne4 87. Ra4 Kg5 88. Ra7 Kg6 89. Kf4 Nc5 90. Ra5 Ne6+ 91. Ke5 Nd8
92. Ra6+ Kf7 93. Kxf5 Ke7 94. Ke5 Nf7+ 95. Kd5 Nd8 96. Rh6 Nf7 97. Re6+ Kd7 98.
Re1 Nd8 99. Ra1 Nc6 100. Rd1 Nd8 101. Rh1 Nf7 102. Ra1 Ke7 103. Ra7+ Kf6 104.
Rd7 Ng5 105. Rd6+ Ke7 106. Rg6 Nf7 107. Re6+ Kd7 108. Re2 Nd8 109. Ra2 Ke7 110.
Ra6 Nf7 111. Rb6 Nd8 112. Rb1 Nf7 113. Re1+ Kd7 114. Re3 Nd8 115. Ke5 Ke7 116.
Kf5+ Kd6 117. Kf6 Nc6 118. Rd3+ Kc5 119. Ke6 Nd4+ 120. Ke5 Nc6+ 121. Ke4 Ne7
122. Rc3+ Kd6 123. Rh3 Nc6 124. Rh6+ Kc5 125. Re6 Nb4 126. Re5+ Kd6 127. Rb5 Nc6
128. Rd5+ Ke6 129. Rd1 Ne7 130. Rh1 Kd6 131. Rh6+ Kc5 132. Re6 Nc6 133. Rxc6+
Kxc6 1/2-1/2

[Event "St Louis Summer A"]
[Site "Saint Louis USA"]
[Date "2018.05.21"]
[Round "7.5"]
[White "Durarbayli, Vasif"]
[Black "Prohaszka, Peter2"]
[Result "1/2-1/2"]
[WhiteTitle "GM"]
[BlackTitle "GM"]
[WhiteElo "2618"]
[BlackElo "2613"]
[WhiteFideId "13402935"]
[BlackFideId "726265"]
[EventDate "2018.05.15"]

1. e4 e5 2. Nf3 Nc6 3. d4 exd4 4. Nxd4 Qf6 5. Nb5 Bc5 6. Qd2 Bb6 7. N1c3 Nge7 8.
Qf4 Qxf4 9. Bxf4 d6 10. Na3 Be6 11. Nc4 Bc5 12. Bg3 O-O-O 13. O-O-O d5 14. exd5
Nxd5 15. Nxd5 Bxd5 16. c3 Be7 17. f3 Be6 18. Be2 a6 19. a4 Bf6 20. Rxd8+ Rxd8
21. Rd1 Rxd1+ 22. Kxd1 a5 23. Kc2 b6 24. Bd3 h5 25. h3 Bd7 26. b3 Be6 27. Bf4 g6
28. g4 Ne7 29. Bd2 Bg7 30. Be2 Nd5 31. Nb2 hxg4 32. hxg4 f5 33. g5 Be5 34. Ba6+
Kd7 35. Nc4 Bg3 36. b4 axb4 37. cxb4 c6 38. Kd3 Kc7 39. b5 c5 40. a5 Nb4+ 41.
Bxb4 Bxc4+ 42. Kxc4 cxb4 1/2-1/2

[Event "St Louis Summer A"]
[Site "Saint Louis USA"]
[Date "2018.05.22"]
[Round "8.1"]
[White "Bok, Benjamin"]
[Black "Prohaszka, Peter2"]
[Result "1/2-1/2"]
[WhiteTitle "GM"]
[BlackTitle "GM"]
[WhiteElo "2636"]
[BlackElo "2613"]
[WhiteFideId "1017063"]
[BlackFideId "726265"]
[EventDate "2018.05.15"]

1. c4 c6 2. Nf3 d5 3. e3 Nf6 4. Nc3 a6 5. d4 Bf5 6. Be2 h6 7. Bd3 e6 8. Bxf5
exf5 9. Qb3 Ra7 10. cxd5 cxd5 11. Ne5 Nc6 12. Bd2 Bd6 13. Nxc6 bxc6 14. Rc1 O-O
15. Ne2 Qd7 16. Qd3 Rb8 17. Rc2 Rab7 18. b3 Ne4 19. O-O Nxd2 20. Qxd2 Bb4 21.
Qc1 Rb6 22. Nc3 Bxc3 23. Rxc3 a5 24. Qa3 Ra6 25. Rc5 a4 26. g3 f4 27. exf4 Qb7
28. bxa4 Qb2 29. Qd3 Rxa4 30. Rxc6 Qxd4 31. Qxd4 Rxd4 32. Rc2 Ra8 33. Re1 Rda4
34. Ree2 g6 35. Rcd2 R8a5 36. Kg2 Kg7 37. Re5 Rxa2 38. Rxa2 Rxa2 39. Rxd5 f5 40.
Rd7+ Kf6 41. Rh7 h5 42. Rc7 Rb2 43. Rc1 Ra2 44. Re1 Rb2 45. Kf3 Rb3+ 46. Re3 Rb1
47. Re2 Rg1 48. Rc2 Ke6 49. Rd2 Kf6 50. Rd6+ Kg7 51. Rd7+ Kf6 52. Ra7 Ke6 53.
Ra2 Kf6 54. Rc2 Kg7 55. Rb2 Kf6 56. Ra2 Kg7 57. Ke3 h4 58. Ra7+ Kh6 59. Ra8 Kg7
60. gxh4 Rg2 1/2-1/2

[Event "St Louis Summer A"]
[Site "Saint Louis USA"]
[Date "2018.05.22"]
[Round "8.2"]
[White "Zherebukh, Yaroslav"]
[Black "Durarbayli, Vasif"]
[Result "1-0"]
[WhiteTitle "GM"]
[BlackTitle "GM"]
[WhiteElo "2633"]
[BlackElo "2618"]
[WhiteFideId "14116804"]
[BlackFideId "13402935"]
[EventDate "2018.05.15"]

1. d4 Nf6 2. Nf3 g6 3. g3 Bg7 4. Bg2 O-O 5. O-O d5 6. c3 c6 7. Nbd2 a5 8. a4 Re8
9. Qb3 Ra6 10. Re1 Rb6 11. Qa3 Nbd7 12. e4 e5 13. exd5 e4 14. dxc6 exf3 15.
Rxe8+ Qxe8 16. cxd7 Bxd7 17. Nxf3 Qe2 18. Be3 Bf8 19. b4 axb4 20. cxb4 Rxb4 21.
Qc1 Ng4 22. Qc7 Rxa4 23. Re1 Qb5 24. Bd2 Rc4 25. Qf4 Qf5 26. Qb8 Rxd4 27. Bh6
Nxh6 28. Nxd4 Qd3 29. Nf3 Bc6 30. Ne5 Qd2 31. Ra1 Qd4 32. Ra8 1-0

[Event "St Louis Summer A"]
[Site "Saint Louis USA"]
[Date "2018.05.22"]
[Round "8.3"]
[White "Fridman, Daniel"]
[Black "Jumabayev, Rinat"]
[Result "1/2-1/2"]
[WhiteTitle "GM"]
[BlackTitle "GM"]
[WhiteElo "2636"]
[BlackElo "2621"]
[WhiteFideId "11600454"]
[BlackFideId "13702661"]
[EventDate "2018.05.15"]

1. d4 Nf6 2. c4 g6 3. Nc3 d5 4. e3 Bg7 5. cxd5 Nxd5 6. Nxd5 Qxd5 7. Ne2 O-O 8.
Nc3 Qd6 9. Be2 Nd7 10. O-O c6 11. b3 Nf6 12. Bb2 Rd8 13. Bf3 Nd5 14. Nxd5 cxd5
15. Qd2 Bd7 16. Rfc1 Bc6 17. Be2 Qd7 18. a4 Bf8 19. Ba3 Rdc8 20. h3 Qd8 21. Bd3
Bd7 22. Qb4 Bc6 23. Qd2 Bd7 24. Qb4 Bc6 25. Qd2 Bd7 1/2-1/2

[Event "St Louis Summer A"]
[Site "Saint Louis USA"]
[Date "2018.05.22"]
[Round "8.4"]
[White "Sevian, Samuel"]
[Black "Akobian, Varuzhan"]
[Result "1/2-1/2"]
[WhiteTitle "GM"]
[BlackTitle "GM"]
[WhiteElo "2613"]
[BlackElo "2647"]
[WhiteFideId "2040506"]
[BlackFideId "13300580"]
[EventDate "2018.05.15"]

1. e4 e5 2. Nf3 Nf6 3. Nxe5 d6 4. Nf3 Nxe4 5. d4 d5 6. Bd3 Be7 7. O-O Bf5 8. Re1
O-O 9. Nbd2 Nd6 10. Nf1 Nd7 11. Ng3 Bxd3 12. Qxd3 Re8 13. Bf4 c6 14. b3 Nf8 15.
c4 Ne6 16. Be5 f6 17. cxd5 cxd5 18. Bxd6 Bxd6 19. Qb5 Bxg3 20. hxg3 Qd6 21. Rac1
Re7 22. Re3 Rae8 23. Rce1 Kf7 24. g4 a6 25. Qd3 g6 26. Qd2 Ng5 27. Nxg5+ fxg5
28. g3 Rxe3 29. Rxe3 Rxe3 30. Qxe3 h6 1/2-1/2

[Event "St Louis Summer A"]
[Site "Saint Louis USA"]
[Date "2018.05.22"]
[Round "8.5"]
[White "Indjic, Aleksandar"]
[Black "Xiong, Jeffery"]
[Result "0-1"]
[WhiteTitle "GM"]
[BlackTitle "GM"]
[WhiteElo "2600"]
[BlackElo "2665"]
[WhiteFideId "911925"]
[BlackFideId "2047640"]
[EventDate "2018.05.15"]

1. d4 Nf6 2. c4 e6 3. Nf3 d5 4. Nc3 c5 5. cxd5 Nxd5 6. e4 Nxc3 7. bxc3 cxd4 8.
cxd4 Bb4+ 9. Bd2 Bxd2+ 10. Qxd2 O-O 11. Bc4 Nd7 12. O-O b6 13. Rfe1 Bb7 14. Rad1
Rc8 15. Bb3 Re8 16. h4 Nf6 17. Qf4 Nh5 18. Qe3 Nf6 19. Qf4 Nh5 20. Qg5 Nf6 21.
d5 exd5 22. e5 Nd7 23. Qh5 Rc7 24. Ba4 Re7 25. Ng5 Nf8 26. Ne4 Bc6 27. Bxc6 Rxc6
28. Nd6 Ng6 29. Qg5 h6 30. Qg3 Rxe5 31. Rxe5 Nxe5 32. Nf5 Qf6 33. Nxh6+ Qxh6 34.
Qxe5 Rc1 35. Qxd5 Rxd1+ 36. Qxd1 Qxh4 37. g3 Qc4 38. Qd8+ Kh7 39. Qd2 a5 40. Kg2
a4 41. a3 b5 42. Qd1 g6 43. g4 b4 44. Qxa4 Qxg4+ 45. Kh2 Qh5+ 46. Kg1 Qg5+ 47.
Kh2 Qe5+ 48. Kg2 Qd5+ 49. Kh2 Qd6+ 0-1

[Event "St Louis Summer A"]
[Site "Saint Louis USA"]
[Date "2018.05.23"]
[Round "9.1"]
[White "Xiong, Jeffery"]
[Black "Bok, Benjamin"]
[Result "1/2-1/2"]
[WhiteTitle "GM"]
[BlackTitle "GM"]
[WhiteElo "2665"]
[BlackElo "2636"]
[WhiteFideId "2047640"]
[BlackFideId "1017063"]
[EventDate "2018.05.15"]

1. d4 Nf6 2. Nf3 g6 3. c4 Bg7 4. Nc3 d5 5. Bf4 O-O 6. Rc1 Be6 7. e3 dxc4 8. Ng5
Bd5 9. e4 h6 10. exd5 hxg5 11. Bxg5 Nxd5 12. Bxc4 Nb6 13. Bb3 Nc6 14. d5 Nd4 15.
O-O Qd7 16. Re1 Rfe8 17. h4 Rad8 18. a4 Nxb3 19. Qxb3 Nxd5 20. Nxd5 Qxd5 21.
Qxd5 Rxd5 22. Rxc7 b5 23. Rxa7 bxa4 24. Rxa4 Bxb2 25. Rxe7 Rxe7 26. Bxe7 Kg7 27.
Bg5 Bc1 28. Be7 Bb2 29. g4 Bf6 30. Bxf6+ Kxf6 31. Kg2 Rb5 32. Kg3 Rc5 33. Ra8
Kg7 34. Re8 Ra5 35. Kf4 Ra2 36. f3 Rh2 37. Kg3 Rh1 38. Re2 Rg1+ 39. Kf4 Rh1 40.
Kg3 Rg1+ 41. Rg2 Ra1 42. Rh2 Ra3 43. h5 gxh5 44. Rxh5 Kg6 45. Rb5 Rc3 46. Rb6+
f6 47. Rb4 Kg5 48. Rd4 Ra3 49. Rd8 Kg6 50. Kf4 Ra4+ 51. Kg3 Ra3 52. Rd5 Rb3 53.
Kf4 Rb4+ 54. Ke3 Rb3+ 55. Ke4 Rb4+ 56. Rd4 Rxd4+ 57. Kxd4 f5 58. gxf5+ Kxf5 59.
f4 Kxf4 1/2-1/2

[Event "St Louis Summer A"]
[Site "Saint Louis USA"]
[Date "2018.05.23"]
[Round "9.2"]
[White "Akobian, Varuzhan"]
[Black "Fridman, Daniel"]
[Result "1/2-1/2"]
[WhiteTitle "GM"]
[BlackTitle "GM"]
[WhiteElo "2647"]
[BlackElo "2636"]
[WhiteFideId "13300580"]
[BlackFideId "11600454"]
[EventDate "2018.05.15"]

1. d4 d5 2. c4 e6 3. Nc3 Nf6 4. Nf3 Be7 5. Bg5 h6 6. Bh4 O-O 7. e3 Ne4 8. Bxe7
Qxe7 9. Rc1 c6 10. Bd3 Nxc3 11. Rxc3 dxc4 12. Bxc4 Nd7 13. O-O b6 14. Bd3 c5 15.
Qc2 Bb7 16. Bh7+ Kh8 17. Be4 cxd4 18. Nxd4 Bxe4 19. Qxe4 Nc5 20. Qc2 a5 21. h3
Qb7 22. Rc1 Rfd8 23. Nb3 Na6 24. Nd4 Nc5 25. Nb3 Na6 26. a3 a4 27. Nd4 Nc5 28.
b4 axb3 29. Nxb3 Nxb3 30. Qxb3 Rdc8 31. Rxc8+ Rxc8 32. Rxc8+ Qxc8 33. Qxb6 Qc1+
34. Kh2 Qxa3 35. Qb8+ Kh7 36. Qf4 Kg8 37. Qb8+ Kh7 38. Qf4 Kg8 39. Qb8+ 1/2-1/2